[Event "Minsk Kupreichik Memorial rapid"]
[Site "Minsk"]
[Date "2019.08.16"]
[Round "6"]
[White "Makarau, Yauheni"]
[Black "Kashtelyan, Valentin"]
[Result "0-1"]
[WhiteElo "1459"]
[BlackElo "1488"]
[PlyCount "86"]
[EventDate "2019.08.15"]
[EventType "swiss (rapid)"]
[EventRounds "10"]
[EventCountry "BLR"]
[SourceTitle "CBM 191 Extra"]
[Source "ChessBase"]
[SourceDate "2019.09.30"]
[SourceVersion "1"]
[SourceVersionDate "2019.09.30"]
[SourceQuality "1"]

1. e4 c5 2. Nc3 e6 3. g3 Nc6 4. Bg2 Nf6 5. d3 a6 6. a4 Qc7 7. h3 Be7 8. Be3 d6 9. Nge2 0-0 10. f4 Rb8 11. g4 Nd7 12. Ng3 Bh4 13. Nce2 b5 14. axb5 axb5 15. 0-0 Bxg3 16. Nxg3 b4 17. Ne2 Bb7 18. Qe1 Ra8 19. Qh4 Rxa1 20. Rxa1 Ra8 21. Rc1 Nf8 22. f5 f6 23. Nf4 Nd8 24. Nh5 Qf7 25. Rf1 e5 26. g5 fxg5 27. Bxg5 Nc6 28. Be3 Nd4 29. Bxd4 cxd4 30. Rf3 Ra7 31. Rg3 g6 32. fxg6 Nxg6 33. Qd8+ Qf8 34. Nf6+ Kg7 35. Qxf8+ Kxf8 36. Nxh7+ Kf7 37. Ng5+ Kf6 38. Nf3 Nf4 39. Bf1 Ra2 40. Ne1 Rxb2 41. h4 Rb1 42. Kf2 b3 43. cxb3 Rxb3 0-1

[Event "BLR-chT"]
[Site "Minsk"]
[Date "2017.05.14"]
[Round "7.2"]
[White "Makarau, Yauheni"]
[Black "Zaiatz, Elena"]
[Result "0-1"]
[WhiteElo "1286"]
[BlackElo "2313"]
[PlyCount "48"]
[EventDate "2017.05.08"]
[EventType "team-swiss"]
[EventRounds "7"]
[EventCountry "BLR"]
[SourceTitle "CBM 178 Extra"]
[Source "ChessBase"]
[SourceDate "2017.06.22"]
[SourceVersion "1"]
[SourceVersionDate "2017.06.22"]
[SourceQuality "1"]
[WhiteTeam "Youth"]
[BlackTeam "Vector"]
[WhiteTeamCountry "BLR"]
[BlackTeamCountry "BLR"]

1. e4 e5 2. Nf3 Nc6 3. Bc4 Bc5 4. c3 Nf6 5. d4 exd4 6. cxd4 Bb4+ 7. Bd2 Nxe4 8. Bxb4 Nxb4 9. Bxf7+ Kxf7 10. Qb3+ d5 11. Qxb4 Re8 12. Ne5+ Kg8 13. 0-0 a5 14. Qb3 c5 15. Nf3 a4 16. Qd3 Bf5 17. Qb5 Ra5 18. Qxb7 Re7 19. Qc6 Re6 20. Qxe6+ Bxe6 21. dxc5 Rxc5 22. Nd4 Bh3 23. gxh3 Qg5+ 24. Kh1 Rc1 0-1